IoT System testing An IoT Journey from Devices to Analysis and the Edge (Record no. 544954)

MARC details
000 -LEADER
fixed length control field 00666nam a2200217Ia 4500
008 - FIXED-LENGTH DATA ELEMENTS--GENERAL INFORMATION
fixed length control field 240825s9999 xx 000 0 und d
020 ## - INTERNATIONAL STANDARD BOOK NUMBER
ISBN 9781484291146
Paper back/Hardbound pbk
041 ## - LANGUAGE CODE
Language code of text/sound track or separate title eng
082 ## - DEWEY DECIMAL CLASSIFICATION NUMBER
Classification number 004.6
Item number HAG
100 ## - MAIN ENTRY--AUTHOR NAME
Personal name Jon Duncan Hagar
245 #0 - TITLE STATEMENT
Title IoT System testing An IoT Journey from Devices to Analysis and the Edge
Statement of responsibility, etc /Jon Duncan Hagar
250 ## - EDITION STATEMENT
Edition statement reprint
260 ## - PUBLICATION, DISTRIBUTION, ETC. (IMPRINT)
Name of publisher Apress
Year of publication 2023
Place of publication New York
300 ## - PHYSICAL DESCRIPTION
Number of Pages 326 p.
Other physical details ill.;
Dimensions 25 cm.
500 ## - GENERAL NOTE
General note Reprint 2023
504 ## - BIBLIOGRAPHY, ETC. NOTE
Bibliography, etc Includes index
650 ## - SUBJECT ADDED ENTRY--TOPICAL TERM
Topical Term Computer security; creating and Releasing Software;
Topical Term Internet of things Security measures Testing
942 ## - ADDED ENTRY ELEMENTS (KOHA)
Koha item type Reference
Holdings
Withdrawn status Lost status Damaged status Not for loan Home library Current library Shelving location Date acquired Cost, normal purchase price Full call number Accession Number Cost, replacement price Price effective from Koha item type
        Anna Centenary Library Anna Centenary Library 3RD FLOOR, A WING 01.03.2024 4788.00 004.6 HAG 667536 5914.00 01.03.2024 Reference
        Anna Centenary Library Anna Centenary Library 3RD FLOOR, A WING 01.03.2024 5433.00 006.7 HAG;1 667537 1077.00 01.03.2024 English Books

Find us on the map